000 00316nam a2200133Ia 4500
008 240624s9999 xx 000 0 und d
041 _aeng
082 _a823 PEL
100 _aPELECANOS GEORGE
245 _aD C NOIR
260 _c2006
_aNew Delhi
_bAkashic Books
300 _a308 : p. : cm. ; 21
365 _cRS
_b25
999 _c18465
_d18465